Cuatro miradas al desplazamiento forzado en el pais : hacia una propuesta de formacion democratica : paneles (Registro nro. 401129)

Detalles MARC
001 - NÚMERO DE CONTROL
campo de control 991090
005 - FECHA Y HORA DE LA ÚLTIMA TRANSACCIÓN
campo de control 20260507073420.0
007 - CAMPO FIJO DE DESCRIPCIÓN FÍSICA--INFORMACIÓN GENERAL
campo de control de longitud fija co|||||||
008 - DATOS DE LONGITUD FIJA--INFORMACIÓN GENERAL
campo de control de longitud fija 060901s2002 spa
035 ## - NÚMERO DE CONTROL DEL SISTEMA
Número de control de sistema 991090
040 ## - FUENTE DE LA CATALOGACIÓN
Centro/agencia transcriptor comduadb
041 ## - CÓDIGO DE LENGUA
Código de lengua del texto/banda sonora o título independiente spa
080 ## - NÚMERO DE LA CLASIFICACIÓN DECIMAL UNIVERSAL
Número de la Clasificación Decimal Universal Q
110 10 - ENTRADA PRINCIPAL--NOMBRE DE ENTIDAD CORPORATIVA
Nombre de entidad corporativa o nombre de jurisdicción como elemento de entrada Universidad Nacional de Colombia
Código de función aut
Número de control del registro de autoridad o número normalizado (isni)0000 0001 2289 3522
-- (viaf)134650585
Término indicativo de función/relación Autor/a
9 (RLIN) 830209
245 10 - MENCIÓN DE TÍTULO
Título Cuatro miradas al desplazamiento forzado en el pais : hacia una propuesta de formacion democratica : paneles
260 ## - PUBLICACIÓN, DISTRIBUCIÓN, ETC.
Lugar de publicación, distribución, etc. Bogotá :
Nombre del editor, distribuidor, etc. Universidad Nacional de Colombia. Facultad de Derecho, Ciencias Políticas y Sociales,
Fecha de publicación, distribución, etc. [2002] ;
Lugar de publicación, distribución, etc. Bogotá :
Nombre del editor, distribuidor, etc. Alto Comisionado de las Naciones Unidas para los Refugiados.
300 ## - DESCRIPCIÓN FÍSICA
Extensión 1 CD-ROM
505 80 - NOTA DE CONTENIDO CON FORMATO
Título Conmocion interior y crisis humanitaria : alcances y perspectivas
505 80 - NOTA DE CONTENIDO CON FORMATO
Título Medios de comunicacion y desplazamiento : lenguajes, imaginarios y discursos periodisticos
505 80 - NOTA DE CONTENIDO CON FORMATO
Título Resistencia civil y seguridad democratica : implicaciones y representaciones
505 80 - NOTA DE CONTENIDO CON FORMATO
Título Seguimiento a Bojaya : respuestas de atencion, reconstruccion y restablecimiento
650 #7 - PUNTO DE ACCESO ADICIONAL DE MATERIA--TÉRMINO DE MATERIA
Término de materia o nombre geográfico como elemento de entrada Desplazamiento forzado
Subdivisión geográfica Colombia
Fuente del encabezamiento o término lemb
9 (RLIN) 82634
650 #7 - PUNTO DE ACCESO ADICIONAL DE MATERIA--TÉRMINO DE MATERIA
Término de materia o nombre geográfico como elemento de entrada Resistencia civil
Fuente del encabezamiento o término lemb
9 (RLIN) 1128
650 ## - PUNTO DE ACCESO ADICIONAL DE MATERIA--TÉRMINO DE MATERIA
Término de materia o nombre geográfico como elemento de entrada Crisis humanitaria
9 (RLIN) 141346
710 20 - ENTRADA AGREGADA--NOMBRE DE ENTIDAD CORPORATIVA
Nombre de entidad corporativa o nombre de jurisdicción como elemento de entrada ONU. Alto Comisionado de las Naciones Unidas para los Refugiados
Código de función aut
Término indicativo de función/relación Autor/a
9 (RLIN) 829102
942 ## - ELEMENTOS DE ENTRADA AGREGADA (KOHA)
Tipo de ítem Koha Libros
Existencias
Estado de retiro Estado de pérdida Estado dañado No para préstamo Código de colección Localización permanente Ubicación/localización actual Fecha de adquisición Fuente de adquisición Número de inventario Total de préstamos Signatura topográfica completa Código de barras Fecha visto por última vez Número de copia Precio válido a partir de Tipo de ítem Koha
        Colección Digital (Discos Ópticos, DVD) Instituto de Estudios Regionales INER (BL. 9-242) Instituto de Estudios Regionales INER (BL. 9-242) 19/05/2017 Material adquirido por donación C1262391   C/0418 CD-ROM 0641535 26/04/2023 2 26/04/2023 Digital (CD-ROM, DVD, Blu-Ray, USB)
        Colección Digital (Discos Ópticos, DVD) Unidad Doc. Inst. Est Políticos (Bl. 14-204) Unidad Doc. Inst. Est Políticos (Bl. 14-204) 04/09/2006 Material adquirido por donación C918784   Q01638 CD-ROM 0604236 26/04/2023 1 26/04/2023 Digital (CD-ROM, DVD, Blu-Ray, USB)